| 000 | 01901cam a22005054i 4500 | ||
|---|---|---|---|
| 003 | PE-LiUPU | ||
| 005 | 20250731170435.0 | ||
| 008 | 150625s r 000 0 d | ||
| 035 | _a(Sirsi) a30865 | ||
| 040 |
_aPE-LiUPU _bspa _cPE-LiUPU _erda |
||
| 082 | 0 | 4 |
_a109 _bCh27 _221 |
| 100 | 1 |
_aChavez Calderon, Pedro, _eautor. |
|
| 245 | 1 | 0 | _aHistoria de las doctrinas filosoficas. |
| 264 | 1 |
_aMexico : _bAlhambra mexicana, _c1994. |
|
| 336 |
_atext _2rdacontent |
||
| 337 |
_aunmediated _2rdamedia |
||
| 338 |
_avolume _2rdacarrier |
||
| 505 | 0 | _aEl problema de la physis en los presocraticos. - El problema de la naturaleza en Platon y Aristoteles. - El problema del hombre en el pensamiento Griego. - El cristianismo. - La escolástica. - El renacimiento. - El problema del conocimiento. - Cuestionamiento de la metafísica. - Filossofía de la historia. - El positivismo. - El marxismo. - El vitalismo. - Fenomenología y axiología. - El existencialismo. - Filosofía analítica. - El pensamiento actual. - La filosofía latinoamericana. | |
| 526 | _aSEG68 | ||
| 526 | _aSEG70 | ||
| 526 | _aSEG69 | ||
| 526 | _aSEG67 | ||
| 526 | _aSEG43 | ||
| 526 | _aP144 | ||
| 526 | _aP143 | ||
| 526 | _aP131 | ||
| 526 | _aP122 | ||
| 526 | _aP120 | ||
| 526 | _aP117 | ||
| 526 | _aP112 | ||
| 526 | _aP110 | ||
| 526 | _aP106 | ||
| 526 | _aP101 | ||
| 526 | _aP80 | ||
| 526 | _aP59 | ||
| 526 | _aP54 | ||
| 526 | _aP35 | ||
| 526 | _aP33 | ||
| 526 | _aP30 | ||
| 942 |
_2ddc _cBOOK |
||
| 949 |
_a109 Ch27 _wDEWEY _c1 _i38375 _lCCODEBUL1 _mBUL _p00.00 _r0 _sY _tBOOK _u2015-06-25 _xBIBLIOTECA _zUNKNOWN _0COMPRA _o.STAFF. Colección General |
||
| 596 | _a1 | ||
| 999 |
_a109 CH27 _wDEWEY _c38355 _i38375 _d38355 _e2017-4-20 _f2021-11-8 _g5 _lCCODEBUL1 _mBUL _n2 _r0 _sY _tBOOK _u2015-6-25 _xEDUCACION _zUNKNOWN _0COMPRA _o.STAFF. Colección General |
||
| 980 |
_81 _gALBERTO SANCHEZ Responsable de Automatización |
||